000 00623nam a2200205Ia 4500
001 8534
003 GE_BSU
008 181216s||||||||xx |||||||||||||| ||und||
040 _cGE_BSU
080 _a821.353.1-1
100 _aვარშანიძე,მამია.
245 _aლექსები
245 _cრედ:ლ.ნანიტაშვილი;მხატვ:ვლ.მდინარაძე.
260 _aთბილისი.
260 _bსაბჭ.საქართველო
260 _c1966.
300 _a80გვ;16სმ.
653 _aლექსები
942 _cBK
999 _c41851
_d41851